| 000 | 00621nam a2200229Ia 4500 | ||
|---|---|---|---|
| 003 | OSt | ||
| 005 | 20220923230652.0 | ||
| 006 | a|||||r|||| 00| 0 | ||
| 007 | ta | ||
| 008 | Pun | ||
| 024 | _a304,612 | ||
| 037 | _cTextual | ||
| 040 |
_aARTS _cARTS _bPun |
||
| 041 |
_2Pun _aPun |
||
| 082 | _aV236:1.M4, 153J1;K7 | ||
| 100 | _aਗੁਰਮੁਖ ਸਿੰਘ, ੳਗ. | ||
| 245 | 0 | _aਸਿਖ ਇਤਿਹਾਸ | |
| 260 | _c1967 | ||
| 650 | _aਭਾਰਤੀਯ ਇਤਿਹਾਸ | ||
| 942 |
_hV236:1.M4, 153J1;K7 _cTEXL _2CC |
||
| 999 |
_c386422 _d386422 |
||